00536 2200193 4500245004700000020002200047250001100069100001600080700002200096700002100118650002100139650001000160005001900170260010200189041001400291084001000305300001800315336000900333 aCandiku yang Terhebat !cIwok AbqaryhText a978-623-307-004-1 aCet. 2 aIwok Abqary aArief Al Firdausy aDwi Agus Erinita aCerita Bergambar aEbook a20241104082443 aJakartabBadan Pengembangan dan Pembinaan Bahasa, Kementerian Pendidikan dan Kebudayaan RI,c2020 aIndonesia a741.5 avi :c50 hlm. atext